KOHA-Header-6

Modern Database Management (Record no. 2353)

000 -LEADER
fixed length control field 00297nam a2200121Ia 4500
008 - FIXED-LENGTH DATA ELEMENTS--GENERAL INFORMATION
fixed length control field 190802s9999 xx 000 0 und d
020 ## - INTERNATIONAL STANDARD BOOK NUMBER
International Standard Book Number 978-93-868-7326-2
100 ## - MAIN ENTRY--PERSONAL NAME
Personal name Jeffrey A.Hoffer
245 #0 - TITLE STATEMENT
Title Modern Database Management
260 ## - PUBLICATION, DISTRIBUTION, ETC. (IMPRINT)
Place of publication, distribution, etc New Delhi
Name of publisher, distributor, etc PHI
Date of publication, distribution, etc 2018
300 ## - PHYSICAL DESCRIPTION
Extent 554:p
942 ## - ADDED ENTRY ELEMENTS (KOHA)
Koha item type Books
Holdings
Withdrawn status Lost status Damaged status Not for loan Collection code Permanent Location Current Location Shelving location Date acquired Full call number Barcode Date last seen Price effective from Koha item type
        Computer Science MAJU MAJU Shelf No.A33 2019-08-03 5.74 8976 2019-08-03 2019-08-03 Computer Science

Powered by Koha